000 00961nam a2200217Ia 4500
001 1230
003 GE_BSU
008 181216s||||||||xx |||||||||||||| ||und||
040 _cGE_BSU
080 _a635.4
100 _aმირზაშვილი ვ.ი.
245 _aსაქართველოს ადგილობრივი ბუჩქები. როგორც დეკორაციული ბაღთმშენებლობის მასალა.
260 _aთბილისი.
260 _bტექნიკა და შრომა.
260 _c1948.
300 _a144გვ.
541 _h3ლ.
653 _aსაქართველოს ადგილობრივი ბუჩქები. როგორც დეკორაციული ბაღთმშენებლობის მასალა.
653 _aსაქართველოს ბუჩქები.
942 _cBK
999 _c35377
_d35377